000 00698nam a2200241Ia 4500
003 OSt
005 20221005085358.0
006 a|||||r|||| 00| 0
007 ta
008 221004b |||||||| |||| 00| 0 eng d
024 _a23428
037 _cTextual
040 _aCRL
_cCRL
_beng
041 _2eng
_aeng
082 _aT4:8.73, K4
100 _aGardner John W
245 0 _aAid and the universities
_b A report to the administrator of the agency for international development
260 _aNew York
_bEducation and World Affairs India
_c1964
300 _a57p.
_ccm.
650 _aEDUCATION
942 _hT4:8.73, K4
_cTEXL
_2cc
999 _c994144
_d994144